1592 1454 1774 1063 1386 1022 1448 1974 1166 1778 1288 1494 1890 1672 1251 1854 1565 1262 1460 1203 1975 1468 1286 1796 1978 1167 1494 1641 1341 1264 1733 1434 1426 1635 1021 1732 1064 1419 1640 1802 1789 1884 1631 1667 1837 1564 1048 1867 1695 1360 1339 1713 1290 1754 1346 1548 1525 1418 1956 1127 1015 1362 1690 1538 1731 1101 1991 1474 1946 1211 1783 1426 1191 1463 1929 1941 1282 1007 1532 1356 1444 1333 1271 1716 1034 1508 1688 1124 1779 1026 1177 1651 1270 1431 1204 1065 1245 1083 1204 BCNSPRNW ULIB Ver.6.0+V

เปลี่ยนเป็นภาษาไทย

Change to English
 แสดงรายละเอียดบรรณานุกรม
  กลับหน้าหลัก

Brief Record : Get Marc (ISO 2709) : E-mail record : QR code < ปิดหน้าต่าง
LEADER : 00000nam 2200000uu 4500
001    13399113331
003     ULIB
008    110627s2550||||th 000 0 tha d
020    9789749471876
090    นว.^bร147ห 2550
100 0  ร่มแก้ว
245 00 หัวใจไม่เคยหยุด(รัก)/^cร่มแก้ว
250    พิมพ์ครั้งที่ 1
260    กรุงเทพฯ :^bพิมพ์คำ,^c2550
300    383 หน้า
710 1  พิมพ์คำ
945    ^p240^l0^i021017
995    ทศพร
999 ^a ใช้งานได้ทุกระบบ
รายการนี้ยังไม่มีแท็ก
คุณยังไม่ได้ล็อกอิน คุณสามารถมีกิจกรรมร่วมกับเว็บไซต์ได้ แต่ต้องล็อกอินก่อน ::
  ล็อกอิน

รายการสื่อสารสนเทศ

ลำดับที่ ประเภท เลขเรียก/บาร์โค้ด สถานที่ สถานะ
- ไม่พบข้อมูล -

รายการใกล้เคียง
    ผู้แต่ง [ร่มแก้ว]

BibComment


ยังไม่เคยถูกคอมเมนท์

คอมเมนท์ทรัพยากรรายการนี้
  คอมเมนท์: หัวใจไม่เคยหยุดรั..


 Copyright 2026. Bcnsprnw @Library